J.C. Vanini (Record no. 188628)

MARC details
000 -LEADER
campo de control de longitud fija 01115nam a2200241 i 4500
001 - NÚMERO DE CONTROL
campo de control 188628
003 - IDENTIFICADOR DE NÚMERO DE CONTROL
campo de control SpMaBN
005 - FECHA Y HORA DE LA ÚLTIMA TRANSACCIÓN
campo de control 20251014063304.0
008 - DATOS DE LONGITUD FIJA--INFORMACIÓN GENERAL
campo de control de longitud fija 190115s1996 fr |||| |dfre d
020 ## - NÚMERO INTERNACIONAL ESTÁNDAR DEL LIBRO
Número Internacional Estándar del Libro 978-2-7295-8772-7
080 ## - NÚMERO DE LA CLASIFICACIÓN DECIMAL UNIVERSAL
Número de la Clasificación Decimal Universal 1 Vanini, Giulio Cesare (043.2)
100 1# - ENTRADA PRINCIPAL--NOMBRE DE PERSONA
Nombre de persona Caballero, Marcial,
Fechas asociadas al nombre 1948-
9 (RLIN) 165969
245 10 - MENCIÓN DEL TÍTULO
Título J.C. Vanini
Resto del título : averroïsme de Padoue et pensée libertine (une philosophine de la crise à l'âge baroque) /
Mención de responsabilidad, etc. thèse de doctorat nouveau régime présentée par Marcial Caballero sous la direction de M. Pierre Magnard.
260 ## - PUBLICACIÓN, DISTRIBUCIÓN, ETC.
Lugar de publicación, distribución, etc. Villeneuve d'Ascq Cedex :
Nombre del editor, distribuidor, etc. Atelier National de Reproduction des Thèses,
Fecha de publicación, distribución, etc. 1996.
300 ## - DESCRIPCIÓN FÍSICA
Extensión 408 p. ;
Dimensiones 24 cm.
502 ## - NOTA DE TESIS
Nota de tesis Tesis--Université de Paris IV-Sorbonne, 1996.
504 ## - NOTA DE BIBLIOGRAFÍA, ETC.
Nota de bibliografía, etc. Bibliografía: p. [351]-408.
600 17 - PUNTO DE ACCESO ADICIONAL DE MATERIA--NOMBRE DE PERSONA
Nombre de persona Vanini, Giulio Cesare,
Fechas asociadas al nombre 1585-1619
Fuente del encabezamiento o término
9 (RLIN) 165970
852 ## - LOCALIZACIÓN
Ubicación ES-MaACL
Número de control de estantería A-14300
itemnumber 195759
Sublocalización o colección R.151547
Ubicación en estantería Depósito 1
Signatura antigua Olim: N-14300
Anotaciones manuscritas Dedicatoria autógrafa del autor
Donativo/Legado Donación: Marcial Caballero
903 ## - NOMBRE PERSONAL DE DONANTE
a Caballero, Marcial,
d 1948-
e Donante
9 165969
942 ## - ELEMENTOS DE ENTRADA SECUNDARIOS (KOHA)
Fuente del sistema de clasificación o colocación Clasificación decimal universal
Tipo de ítem Koha Libro impreso
Holdings
Estatus retirado Estado de pérdida Fuente del sistema de clasificación o colocación Estado de daño No para préstamo Colección Biblioteca de origen Biblioteca actual Ubicación en estantería Fecha de adquisición Fuente de adquisición Total de préstamos Signatura topográfica completa Código de barras Visto por última vez Precio de reemplazo Tipo de ítem Koha Nota pública
    Clasificación decimal universal     Libros con dedicatorias Biblioteca del Ateneo de Madrid Biblioteca del Ateneo de Madrid Depósito 1 15/01/2019 Donación   A-14300 1199623 23/02/2023 23/02/2023 Libro impreso Dedicatoria autógrafa del autor